| 000 | 00528nam a22001937a 4500 | ||
|---|---|---|---|
| 003 | OSt | ||
| 005 | 20131031135201.0 | ||
| 008 | 130425s2006 sp ||||| |||| 00| f spa d | ||
| 020 | _a9788496544376 | ||
| 040 | _cCDMR | ||
| 100 | 1 |
_93275 _aMagro Santana, Baltasar _d1949- |
|
| 245 | 1 | 0 |
_aEn primera lĂnea _cBaltasar Magro |
| 260 |
_aBarcelona _bRoca _c2006 |
||
| 300 | _a280 p. | ||
| 490 | _aNovela (Roca) | ||
| 650 | 0 | 4 |
_93678 _aCorresponsals de guerra _vRelats personals |
| 650 | 0 | 4 |
_9797 _aReportatges literaris |
| 942 |
_2udc _cMON |
||
| 999 |
_c6132 _d6132 |
||